Lively learning (Record no. 35364)
[ view plain ]
| 000 -LEADER | |
|---|---|
| fixed length control field | 00772nam a22002531a 4500 |
| 001 - CONTROL NUMBER | |
| control field | 8821622 |
| 005 - DATE AND TIME OF LATEST TRANSACTION | |
| control field | 20141122020003.0 |
| 008 - FIXED-LENGTH DATA ELEMENTS--GENERAL INFORMATION | |
| fixed length control field | 040615s2004 maua b 000 0 eng d |
| 035 ## - SYSTEM CONTROL NUMBER | |
| System control number | (OCoLC)ocm55654621 |
| 035 ## - SYSTEM CONTROL NUMBER | |
| System control number | (SICdb)1661652 |
| 040 ## - CATALOGING SOURCE | |
| Original cataloging agency | WEX |
| Transcribing agency | WEX |
| Modifying agency | SICdb |
| 049 ## - LOCAL HOLDINGS (OCLC) | |
| Holding library | SOII |
| 090 ## - LOCALLY ASSIGNED LC-TYPE CALL NUMBER (OCLC); LOCAL CALL NUMBER (OCLC) | |
| Classification number (OCLC) (R) ; Classification number, CALL (RLIN) (NR) | LB1591 |
| Local cutter number (OCLC) ; Book number/undivided call number, CALL (RLIN) | .C7 2004 |
| 100 ## - MAIN ENTRY--PERSONAL NAME | |
| Personal name | Engel F. Kevin Nancy E. Collett |
| 245 10 - TITLE STATEMENT | |
| Title | Lively learning |
| Statement of responsibility, etc | Nancy E. Collett Kevin F . collett |
| Medium | [Text] |
| 260 ## - PUBLICATION, DISTRIBUTION, ETC. (IMPRINT) | |
| Place of publication, distribution, etc | Dodoma, Tanzania |
| Name of publisher, distributor, etc | Central Tanganyika Press |
| Date of publication, distribution, etc | 1975 |
| 300 ## - PHYSICAL DESCRIPTION | |
| Extent | 64 p. : ill ; 26 cm. |
| 504 ## - BIBLIOGRAPHY, ETC. NOTE | |
| Bibliography, etc | Includes bibliographical references (p. 171-177). |
| 650 #0 - SUBJECT ADDED ENTRY--TOPICAL TERM | |
| Topical term or geographic name as entry element | Arts |
| General subdivision | Study and teaching. |
| 650 #0 - SUBJECT ADDED ENTRY--TOPICAL TERM | |
| Topical term or geographic name as entry element | Interdisciplinary approach in education. |
| 945 ## - LOCAL PROCESSING INFORMATION (OCLC) | |
| a | sh |
| b | 20050407 |
| 994 ## - | |
| -- | E0 |
| -- | SOI |
| 942 00 - ADDED ENTRY ELEMENTS (KOHA) | |
| Koha issues (borrowed), all copies | 1 |
| Withdrawn status | Lost status | Source of classification or shelving scheme | Damaged status | Not for loan | Collection code | Home library | Current library | Shelving location | Date acquired | Cost, normal purchase price | Total Checkouts | Full call number | Barcode | Date last seen | Date checked out | Copy number | Price effective from | Koha item type |
|---|---|---|---|---|---|---|---|---|---|---|---|---|---|---|---|---|---|---|
| Library of Congress Classification | General Circulation | AIU/NEGST - Tony Wilmot Memorial Library | AIU/NEGST - Tony Wilmot Memorial Library | General Stacks | 10/07/2009 | 4.00 | 1 | LB 1591.C65 1975 | R20578J3232 | 09/02/2019 | 11/21/2014 | 1 | 10/07/2009 | Books |
